Strategický manažment
Uložené v:
| Hlavný autor: | |
|---|---|
| Médium: | Kniha |
| Jazyk: | Slovak |
| Vydavateľské údaje: |
Bratislava
Vydavateľstvo Ekonóm
1997
|
| Predmet: | |
| Tagy: |
Žiadne tagy, Buďte prvý, kto otaguje tento záznam!
|
MARC
| LEADER | 00000nam a2200000 4500 | ||
|---|---|---|---|
| 001 | c017232 | ||
| 005 | 20240502071311.5 | ||
| 020 | |a 80-225-0816-0 | ||
| 041 | 0 | |a slo | |
| 044 | |a SK | ||
| 245 | 1 | 0 | |a Strategický manažment |c Štefan Slávik |
| 264 | 1 | |a Bratislava |b Vydavateľstvo Ekonóm |c 1997 | |
| 300 | |a 276 s. | ||
| 610 | 2 | 0 | |a manažment strategický |
| 610 | 2 | 0 | |a riadenie strategické |
| 610 | 2 | 0 | |a stratégia podniková |
| 610 | 2 | 0 | |a prostredie podnikové |
| 610 | 2 | 0 | |a prognózovanie |
| 610 | 2 | 0 | |a podnikanie |
| 610 | 2 | 0 | |a štruktúra organizačná |
| 610 | 2 | 0 | |a kontrola |
| 610 | 2 | 0 | |a odmeňovanie |
| 610 | 2 | 0 | |a kultúra podniková |
| 100 | 1 | |a Slávik, Štefan, 1955- | |